[Event "Capablanca Memorial 2019"]
[Site "Havana CUB"]
[Date "2019.05.05"]
[Round "3"]
[White "Albornoz Cabrera, Carlos Daniel"]
[Black "Ivanchuk, Vassily"]
[Result "0-1"]
[WhiteElo "2566"]
[BlackElo "2677"]
[PlyCount "76"]
[EventDate "2019.05.03"]

1. e4 e5 2. Nf3 Nf6 3. Nxe5 d6 4. Nf3 Nxe4 5. Qe2 Qe7 6. d3 Nf6 7. Bg5 Qxe2+ 8.
Bxe2 Be7 9. Nc3 h6 10. Bh4 Nc6 11. O-O-O Be6 12. d4 Nd5 13. Nxd5 Bxd5 14. Bxe7
Kxe7 15. Nh4 Rhe8 16. Bf3 Bxf3 17. Nxf3 Kd7 18. Rhe1 Rxe1 19. Rxe1 b5 20. c3 a5
21. Kc2 a4 22. Kd3 Ne7 23. Nd2 g5 24. g3 f5 25. Nf3 Nd5 26. Nd2 f4 27. Ne4 Rf8
28. Rh1 Kc6 29. Re1 g4 30. a3 h5 31. Nd2 Kd7 32. Re4 Rf7 33. Re1 Ne7 34. Ne4
Ng6 35. Nd2 d5 36. Rf1 Re7 37. f3 Re3+ 38. Kc2 Re2 0-1

[Event "Capablanca Memorial 2019"]
[Site "Havana CUB"]
[Date "2019.05.05"]
[Round "3"]
[White "Sevian, Samuel"]
[Black "Adhiban, Baskaran"]
[Result "1-0"]
[WhiteElo "2666"]
[BlackElo "2701"]
[PlyCount "79"]
[EventDate "2019.05.03"]

1. e4 c5 2. Nf3 d6 3. d4 cxd4 4. Nxd4 Nf6 5. Nc3 a6 6. h3 e5 7. Nb3 Be6 8. f4
g6 9. Be2 Nbd7 10. O-O Rc8 11. Be3 Be7 12. a4 exf4 13. Rxf4 Ne5 14. Nd4 O-O 15.
Nxe6 fxe6 16. a5 Nfd7 17. Bg4 Kg7 18. Bxe6 Bg5 19. Qd2 Bxf4 20. Bxf4 Qh4 21.
Bxe5+ Nxe5 22. Bxc8 Rxc8 23. Qxd6 Qg5 24. Rf1 Kh6 25. Rf5 Nc4 26. Rxg5 Nxd6 27.
Rd5 Nc4 28. Nd1 Re8 29. b3 Na3 30. Ne3 Rxe4 31. Ng4+ Kg7 32. Rd7+ Kf8 33. Rxh7
Nxc2 34. Rxb7 Nb4 35. Nf6 Re1+ 36. Kh2 Nd3 37. Rb6 Kf7 38. Rxa6 Nc5 39. Rb6 Rb1
40. Nd5 1-0

[Event "Capablanca Memorial 2019"]
[Site "Havana CUB"]
[Date "2019.05.06"]
[Round "4"]
[White "Anton Guijarro, David"]
[Black "Adhiban, Baskaran"]
[Result "1-0"]
[WhiteElo "2667"]
[BlackElo "2701"]
[PlyCount "89"]
[EventDate "2019.05.03"]

1. d4 Nf6 2. c4 g6 3. Nc3 Bg7 4. e4 d6 5. h3 Nbd7 6. Be3 e5 7. d5 Nc5 8. Qc2
O-O 9. g4 c6 10. g5 Nh5 11. O-O-O cxd5 12. Nxd5 Ne6 13. h4 Bd7 14. Kb1 Nhf4 15.
Ne2 Nxd5 16. cxd5 Rc8 17. Qd2 Nc5 18. Ng3 f5 19. gxf6 Bxf6 20. h5 g5 21. h6 Kh8
22. f3 Be7 23. Be2 a5 24. Rc1 b6 25. Rcg1 Rg8 26. Nh5 g4 27. Bxc5 bxc5 28. f4
Rb8 29. fxe5 dxe5 30. Qc3 Bd6 31. Ng7 Qg5 32. Ne6 Bxe6 33. dxe6 g3 34. Rh3 Qf4
35. Rhxg3 Qxe4+ 36. Qc2 Qxc2+ 37. Kxc2 e4 38. Rg7 Rge8 39. Bc4 Bf4 40. e7 Bd6
41. Bf7 Bxe7 42. Bxe8 Rxe8 43. R7g4 Bd8 44. Re1 e3 45. Rg3 1-0

[Event "Capablanca Memorial 2019"]
[Site "Havana CUB"]
[Date "2019.05.06"]
[Round "4"]
[White "Ivanchuk, Vassily"]
[Black "Sevian, Samuel"]
[Result "1/2-1/2"]
[WhiteElo "2677"]
[BlackElo "2666"]
[PlyCount "47"]
[EventDate "2019.05.03"]

1. d4 Nf6 2. c4 e6 3. Nc3 Bb4 4. e3 O-O 5. Bd3 d5 6. cxd5 exd5 7. Nge2 Bd6 8.
O-O Re8 9. Bd2 c6 10. f3 c5 11. Rc1 a6 12. Kh1 Nc6 13. Bb1 cxd4 14. exd4 Nh5
15. g3 g6 16. Bh6 Be6 17. Qd2 Rc8 18. Bg5 f6 19. Be3 Na5 20. b3 Ba3 21. Rcd1
Bb4 22. Rc1 Ba3 23. Rcd1 Bb4 24. Rc1 1/2-1/2

[Event "Capablanca Memorial 2019"]
[Site "Havana CUB"]
[Date "2019.05.06"]
[Round "4"]
[White "Gonzalez Vidal, Yuri"]
[Black "Albornoz Cabrera, Carlos Daniel"]
[Result "1/2-1/2"]
[WhiteElo "2567"]
[BlackElo "2566"]
[PlyCount "107"]
[EventDate "2019.05.03"]

1. e4 c5 2. Nf3 Nc6 3. Nc3 e5 4. Bc4 Be7 5. d3 d6 6. Nd2 Nf6 7. Nf1 Bg4 8. f3
Be6 9. Ne3 O-O 10. O-O Nd7 11. Ncd5 Bg5 12. a3 Nb6 13. Ba2 Bxe3+ 14. Bxe3 Bxd5
15. Bxd5 Nxd5 16. exd5 Nd4 17. c3 Nf5 18. Bf2 Qc7 19. Qd2 b5 20. f4 f6 21. Rfe1
Qb7 22. b4 Qxd5 23. bxc5 dxc5 24. fxe5 fxe5 25. Qa2 c4 26. dxc4 bxc4 27. Rad1
Qe6 28. Qe2 Rfe8 29. Qe4 Nd6 30. Qd5 Nf7 31. Qxe6 Rxe6 32. Rd7 a5 33. Rc7 Nd6
34. a4 e4 35. Bd4 Nf5 36. Rxc4 e3 37. g4 Nxd4 38. Rxd4 e2 39. Rd2 Re4 40. h3
Rae8 41. Kf2 Rf8+ 42. Kg2 Rfe8 43. Kf2 Rf4+ 44. Kg2 Rxa4 45. Rdxe2 Rxe2+ 46.
Rxe2 Rc4 47. Re8+ Kf7 48. Ra8 a4 49. Ra7+ Kf6 50. Ra6+ Ke5 51. Ra7 g6 52. Rxh7
Rxc3 53. Ra7 a3 54. h4 1/2-1/2

[Event "Sigeman Chess 2019"]
[Site "Malmo SWE"]
[Date "2019.05.03"]
[Round "1"]
[White "Harikrishna, Pentala"]
[Black "Hillarp Persson, Tiger"]
[Result "1/2-1/2"]
[WhiteElo "2730"]
[BlackElo "2563"]
[PlyCount "147"]
[EventDate "2019.05.03"]

1. e4 c5 2. Nf3 e6 3. d4 cxd4 4. Nxd4 a6 5. Bd3 Bc5 6. Nb3 Be7 7. Qg4 g6 8. Qe2
d6 9. a4 Nc6 10. Nc3 Nf6 11. Bh6 Ne5 12. h3 Nfd7 13. Be3 b6 14. O-O O-O 15. Bh6
Re8 16. Qe3 Nxd3 17. cxd3 Bb7 18. d4 Rc8 19. Nd2 Qc7 20. Nf3 Qc4 21. Rfc1 Qb3
22. Qe2 e5 23. dxe5 Nxe5 24. Nxe5 dxe5 25. Nd5 Bxd5 26. Rxc8 Rxc8 27. exd5 Qxd5
28. Qxa6 Qe6 29. Be3 Rc6 30. Qb5 f5 31. Re1 Kf7 32. Bd4 e4 33. Be3 Bf6 34. b3
h5 35. Rd1 h4 36. Kf1 g5 37. Rc1 Rxc1+ 38. Bxc1 f4 39. Bd2 Kg6 40. f3 exf3 41.
Qd3+ Kg7 42. Qxf3 Bd4 43. Qd3 Qe5 44. b4 Kh6 45. a5 bxa5 46. bxa5 Kg7 47. a6
Qc5 48. Ke2 Qd5 49. Kf1 Qc5 50. Qb3 Kf6 51. Qb4 Qd5 52. Bc3 Bxc3 53. Qxc3+ Kg6
54. Qc2+ Kh6 55. a7 f3 56. gxf3 Qxf3+ 57. Kg1 Qe3+ 58. Qf2 Qc1+ 59. Kg2 Qc6+
60. Kf1 Qc1+ 61. Qe1 Qc4+ 62. Qe2 Qf4+ 63. Ke1 Qc1+ 64. Kf2 Qf4+ 65. Kg1 Qg3+
66. Qg2 Qe3+ 67. Qf2 Qc1+ 68. Kg2 Qc6+ 69. Kf1 Qc4+ 70. Ke1 Qc1+ 71. Ke2 Qc2+
72. Ke3 Qc5+ 73. Kf3 Qc6+ 74. Ke2 1/2-1/2

[Event "Sigeman Chess 2019"]
[Site "Malmo SWE"]
[Date "2019.05.03"]
[Round "1"]
[White "Grandelius, Nils"]
[Black "Nisipeanu, Liviu-Dieter"]
[Result "1/2-1/2"]
[WhiteElo "2688"]
[BlackElo "2667"]
[PlyCount "44"]
[EventDate "2019.05.03"]

1. e4 e6 2. d4 d5 3. Nd2 c5 4. Ngf3 cxd4 5. Nxd4 Nf6 6. exd5 Nxd5 7. c3 Be7 8.
Bd3 O-O 9. O-O Nd7 10. N2f3 Qc7 11. Re1 a6 12. Qc2 N7f6 13. Bg5 b6 14. Bh4 Nf4
15. Be4 Bb7 16. Bxf6 Bxe4 17. Qxe4 Bxf6 18. Rad1 Rad8 19. Nc6 Rxd1 20. Rxd1 Nd5
21. Nb4 Nxb4 22. Qxb4 Rd8 1/2-1/2

[Event "Sigeman Chess 2019"]
[Site "Malmo SWE"]
[Date "2019.05.03"]
[Round "1"]
[White "Nihal, Sarin"]
[Black "Saric, Ivan"]
[Result "1/2-1/2"]
[WhiteElo "2598"]
[BlackElo "2694"]
[PlyCount "154"]
[EventDate "2019.05.03"]

1. Nf3 d5 2. d4 Nf6 3. c4 e6 4. g3 Bb4+ 5. Bd2 Be7 6. Bg2 O-O 7. O-O c6 8. Qc2
Nbd7 9. Bf4 b6 10. cxd5 cxd5 11. Rc1 Bb7 12. Bc7 Qe8 13. Qb3 Ne4 14. Nc3 Nd6
15. a4 Rc8 16. Bxd6 Bxd6 17. a5 Bb8 18. a6 Bc6 19. e3 Nf6 20. Bf1 Qe7 21. Rc2
Rc7 22. Ne5 Ba8 23. Nb5 Rxc2 24. Qxc2 Bxe5 25. dxe5 Ng4 26. Qc3 f6 27. exf6
Nxf6 28. Bg2 Qd7 29. Nd4 Rc8 30. Qd2 e5 31. Ne2 Qf5 32. Nc3 d4 33. exd4 Bxg2
34. Kxg2 Rd8 35. d5 h5 36. Re1 h4 37. Kg1 e4 38. Qf4 Qxf4 39. gxf4 Kf7 40. Rd1
h3 41. f3 exf3 42. Kf2 Rc8 43. Kxf3 Rc4 44. d6 Ke6 45. Re1+ Kxd6 46. Nb5+ Kc5
47. Nxa7 Nd5 48. Nc8 Rxf4+ 49. Kg3 Ra4 50. Rc1+ Kb4 51. a7 Kb3 52. Rc6 Kxb2 53.
Rd6 Ra3+ 54. Kh4 Ra4+ 55. Kxh3 Nf4+ 56. Kg4 b5 57. Rd4 Rxd4 58. a8=Q b4 59. Qa7
Kc3 60. Qa1+ Kd3 61. Qd1+ Kc3 62. Qc1+ Kd3 63. Kf3 Nd5 64. Nd6 Rf4+ 65. Kg3 Nc3
66. Qa1 Rf6 67. Qa6+ Kc2 68. Qc4 Rxd6 69. Qxb4 Rd4 70. Qb7 g5 71. Qg7 Rd5 72.
Qg6+ Kb3 73. Kg4 Kb2 74. Qxg5 Rxg5+ 75. Kxg5 Ne2 76. h4 Ng3 77. h5 Nxh5 1/2-1/2

[Event "Sigeman Chess 2019"]
[Site "Malmo SWE"]
[Date "2019.05.04"]
[Round "2"]
[White "Harikrishna, Pentala"]
[Black "Maghsoodloo, Parham"]
[Result "1/2-1/2"]
[WhiteElo "2730"]
[BlackElo "2671"]
[PlyCount "120"]
[EventDate "2019.05.03"]

1. e4 e5 2. Nf3 Nc6 3. Bb5 a6 4. Ba4 Nf6 5. O-O b5 6. Bb3 Bc5 7. a4 Rb8 8. c3
d6 9. d4 Bb6 10. a5 Ba7 11. Be3 Ra8 12. dxe5 Nxe5 13. Nxe5 dxe5 14. Qxd8+ Kxd8
15. Bxa7 Rxa7 16. Bxf7 Nxe4 17. Bd5 Nf6 18. Bc6 Bb7 19. Bxb7 Rxb7 20. Nd2 c5
21. Nb3 Rc7 22. c4 Kd7 23. Rfe1 Re8 24. cxb5 axb5 25. f4 exf4 26. Rxe8 Nxe8 27.
a6 Ra7 28. Nxc5+ Kc6 29. Ne6 Kb6 30. Nxf4 Nc7 31. Rd1 Nxa6 32. Ne6 Kc6 33. Rc1+
Kb6 34. Rd1 Kc6 35. Ng5 Nc5 36. Nxh7 b4 37. Ng5 Ra2 38. Rb1 Nd3 39. b3 Nf4 40.
Kh1 Nxg2 41. Nf3 Nf4 42. Rd1 Kb5 43. h4 Rf2 44. Ne5 Re2 45. Nc4 Kc5 46. Rg1 Ne6
47. Rg6 Nd4 48. Rg5+ Kc6 49. Na5+ Kd6 50. Nc4+ Ke6 51. Kg1 Nf3+ 52. Kf1 Re1+
53. Kf2 Nxg5 54. Kxe1 Nf3+ 55. Kf2 Nd4 56. Nb2 Kf5 57. Nd3 Kg4 58. Nxb4 Kxh4
59. Nd3 Nxb3 60. Kg2 Nd4 1/2-1/2

[Event "Sigeman Chess 2019"]
[Site "Malmo SWE"]
[Date "2019.05.04"]
[Round "2"]
[White "Jones, Gawain C B"]
[Black "Grandelius, Nils"]
[Result "1/2-1/2"]
[WhiteElo "2702"]
[BlackElo "2688"]
[PlyCount "58"]
[EventDate "2019.05.03"]

1. Nf3 c5 2. c4 Nc6 3. Nc3 e5 4. e3 Nf6 5. d4 e4 6. d5 exf3 7. dxc6 bxc6 8.
Qxf3 Bd6 9. g4 O-O 10. Bd3 Qe7 11. Bd2 g6 12. Qe2 Be5 13. f4 Bxc3 14. Bxc3 d5
15. O-O-O Nxg4 16. Rhe1 Qxe3+ 17. Qxe3 Nxe3 18. Rxe3 d4 19. Bxd4 cxd4 20. Re5
Rd8 21. Be4 Be6 22. b3 Rac8 23. f5 gxf5 24. Bxf5 Bxf5 25. Rxf5 Rd6 26. Rg5+ Kf8
27. Rh5 Kg7 28. c5 Rg6 29. Rxd4 Re8 1/2-1/2

[Event "Sigeman Chess 2019"]
[Site "Malmo SWE"]
[Date "2019.05.04"]
[Round "2"]
[White "Nisipeanu, Liviu-Dieter"]
[Black "Nihal, Sarin"]
[Result "1/2-1/2"]
[WhiteElo "2667"]
[BlackElo "2598"]
[PlyCount "124"]
[EventDate "2019.05.03"]

1. e4 c5 2. Nf3 Nc6 3. d4 cxd4 4. Nxd4 Nf6 5. Nc3 e5 6. Ndb5 d6 7. Bg5 a6 8.
Na3 b5 9. Nd5 Be7 10. Bxf6 Bxf6 11. c4 b4 12. Nc2 a5 13. g3 O-O 14. Bg2 Be6 15.
O-O Rc8 16. Nxf6+ Qxf6 17. b3 Qe7 18. Re1 Kh8 19. Qd2 f5 20. exf5 Bxf5 21. Bxc6
Rxc6 22. Nd4 Rcc8 23. Nxf5 Rxf5 24. Rad1 Rf6 25. Qe3 Rcf8 26. Re2 Qc7 27. Rd5
h6 28. c5 Qc6 29. Rxd6 Rxd6 30. cxd6 Qxd6 31. Qxe5 Qd1+ 32. Kg2 a4 33. Qc5 Rb8
34. Qe5 Rf8 35. bxa4 Qxa4 36. Qd5 Qa8 37. Qxa8 Rxa8 38. Rb2 Ra3 39. Kh3 Ra4 40.
f4 Kh7 41. Kg4 Kg6 42. Kf3 Kf5 43. g4+ Ke6 44. h4 g6 45. Re2+ Kf7 46. Rc2 Ra3+
47. Ke4 b3 48. Rc7+ Kg8 49. axb3 Rxb3 50. Ke5 Rb5+ 51. Kf6 Rb6+ 52. Ke7 Rb5 53.
Rc6 Kg7 54. Ke6 Rb4 55. Rc7+ Kg8 56. f5 Re4+ 57. Kf6 Rxg4 58. Rg7+ Kf8 59. Rxg6
Rxh4 60. Rg1 Ra4 61. Kg6 Ra6+ 62. f6 Ra2 1/2-1/2

[Event "Sigeman Chess 2019"]
[Site "Malmo SWE"]
[Date "2019.05.04"]
[Round "2"]
[White "Hillarp Persson, Tiger"]
[Black "Saric, Ivan"]
[Result "1-0"]
[WhiteElo "2563"]
[BlackElo "2694"]
[PlyCount "73"]
[EventDate "2019.05.03"]

1. c4 e5 2. Nc3 Bb4 3. Nd5 Bc5 4. Nf3 c6 5. Nc3 d6 6. e3 Bb4 7. d4 Bxc3+ 8.
bxc3 Nd7 9. e4 c5 10. Bd3 Ne7 11. O-O O-O 12. Re1 b6 13. Nd2 Nc6 14. d5 Ne7 15.
a4 g6 16. Nf1 f5 17. exf5 Nxf5 18. Ra2 Ba6 19. Nd2 Nf6 20. Ne4 Nxe4 21. Rxe4
Qf6 22. f4 Rae8 23. Qe1 Bc8 24. Rae2 Bd7 25. fxe5 dxe5 26. Rxe5 Rxe5 27. Rxe5
Bxa4 28. Bxf5 gxf5 29. Re6 Qf7 30. Qg3+ Qg7 31. Qxg7+ Kxg7 32. Bh6+ Kf7 33.
Bxf8 Kxf8 34. Kf2 Kf7 35. Ke3 Bb3 36. Kf4 Bxc4 37. Ke5 1-0

[Event "Sigeman Chess 2019"]
[Site "Malmo SWE"]
[Date "2019.05.05"]
[Round "3"]
[White "Grandelius, Nils"]
[Black "Harikrishna, Pentala"]
[Result "0-1"]
[WhiteElo "2688"]
[BlackElo "2730"]
[PlyCount "144"]
[EventDate "2019.05.03"]

1. e4 e5 2. Nf3 Nc6 3. Bc4 Bc5 4. O-O Nf6 5. d3 d6 6. c3 h6 7. Re1 O-O 8. Nbd2
Na5 9. Bb5 a6 10. Ba4 Ba7 11. Nf1 b5 12. Bc2 Nc6 13. Ng3 Ne7 14. h3 Ng6 15. d4
Re8 16. a4 Bd7 17. axb5 axb5 18. Be3 Bb6 19. Rxa8 Qxa8 20. dxe5 dxe5 21. Bxb6
cxb6 22. Nh5 Be6 23. Nxf6+ gxf6 24. Nh2 Qa2 25. Qb1 Qxb1 26. Rxb1 b4 27. cxb4
Rc8 28. Bd3 Rd8 29. Bf1 Rd4 30. b5 Rxe4 31. Rd1 Rb4 32. Ng4 Kg7 33. Ne3 f5 34.
Nd5 Bxd5 35. Rxd5 Rd4 36. Rxd4 exd4 37. g3 f4 38. Kg2 Kf6 39. Kf3 Ke5 40. Bc4
fxg3 41. fxg3 f5 42. Bd3 Nf8 43. h4 Ne6 44. Bf1 Nc5 45. Bc4 Na4 46. Bb3 Nc5 47.
Bc4 d3 48. Ke3 Ne4 49. Bxd3 Nxg3 50. Kf3 Ne4 51. Ke3 Nc5 52. Bc2 Ne6 53. Bb1
Nd4 54. Bd3 f4+ 55. Kf2 Nf5 56. h5 Nd4 57. Ke1 Kf6 58. Kd2 Nf3+ 59. Kc3 Ke5 60.
Bg6 Kd5 61. Be8 Ke4 62. Bc6+ Ke3 63. Kc4 Nd2+ 64. Kd5 f3 65. Ke5 Nc4+ 66. Kf5
f2 67. Bg2 Ke2 68. Ke4 Nxb2 69. Bh3 Nc4 70. Kd5 Ne3+ 71. Ke4 f1=Q 72. Bxf1+
Nxf1 0-1

[Event "Sigeman Chess 2019"]
[Site "Malmo SWE"]
[Date "2019.05.05"]
[Round "3"]
[White "Maghsoodloo, Parham"]
[Black "Hillarp Persson, Tiger"]
[Result "1-0"]
[WhiteElo "2671"]
[BlackElo "2563"]
[PlyCount "79"]
[EventDate "2019.05.03"]

1. Nf3 c5 2. e4 e6 3. d4 cxd4 4. Nxd4 a6 5. Bd3 Bc5 6. Nb3 Be7 7. O-O d6 8. Be3
Nf6 9. a4 Nc6 10. a5 O-O 11. Nc3 Bd7 12. Na4 Qc7 13. Nb6 Rad8 14. Bf4 Ne5 15.
Re1 Be8 16. Bf1 Bc6 17. Nd2 Ng6 18. Bg3 h5 19. h3 h4 20. Bh2 Nd7 21. Ndc4 Nc5
22. f3 e5 23. Ne3 Bg5 24. Kh1 Bxe3 25. Rxe3 Qe7 26. Qd2 Ne6 27. Rd1 Nef4 28. c4
Kh7 29. b4 Qg5 30. b5 Be8 31. Ree1 f5 32. Bd3 axb5 33. cxb5 fxe4 34. Bxe4 Bxb5
35. Bxf4 exf4 36. Bxb7 Ne5 37. a6 Rf7 38. Qd5 Bd7 39. Nxd7 Rdxd7 40. a7 1-0

[Event "Sigeman Chess 2019"]
[Site "Malmo SWE"]
[Date "2019.05.05"]
[Round "3"]
[White "Nihal, Sarin"]
[Black "Jones, Gawain C B"]
[Result "1/2-1/2"]
[WhiteElo "2598"]
[BlackElo "2702"]
[PlyCount "94"]
[EventDate "2019.05.03"]

1. e4 e5 2. Nf3 Nc6 3. Bb5 a6 4. Ba4 Nf6 5. O-O b5 6. Bb3 Bc5 7. a4 Rb8 8. c3
d6 9. d4 Bb6 10. a5 Ba7 11. h3 O-O 12. Be3 Ra8 13. Nbd2 h6 14. Re1 Re8 15. Qc2
exd4 16. Bxd4 Ne5 17. Rad1 Nfd7 18. Nxe5 dxe5 19. Bxa7 Rxa7 20. Bd5 c5 21. b4
Qe7 22. Qb2 Rc7 23. c4 cxb4 24. cxb5 axb5 25. Rb1 Nc5 26. Qxb4 Bxh3 27. Re3 Be6
28. Bxe6 Qxe6 29. Qxb5 Rec8 30. Nc4 Nxe4 31. Rxe4 Rxc4 32. Rxc4 Qxc4 33. Qxe5
Rc5 34. Qe8+ Kh7 35. Ra1 Rg5 36. Qe1 Rh5 37. Qe3 g6 38. a6 Qh4 39. Qh3 Qd4 40.
Qa3 Qh4 41. Qh3 Qd4 42. Qa3 Qe5 43. a7 Qh2+ 44. Kf1 Qe5 45. Kg1 Qh2+ 46. Kf1
Qe5 47. Kg1 Qh2+ 1/2-1/2

[Event "Sigeman Chess 2019"]
[Site "Malmo SWE"]
[Date "2019.05.05"]
[Round "3"]
[White "Saric, Ivan"]
[Black "Nisipeanu, Liviu-Dieter"]
[Result "1/2-1/2"]
[WhiteElo "2694"]
[BlackElo "2667"]
[PlyCount "109"]
[EventDate "2019.05.03"]

1. e4 e6 2. d4 d5 3. Nc3 Nf6 4. Bg5 dxe4 5. Nxe4 Nbd7 6. Nf3 h6 7. Bxf6 Nxf6 8.
Bd3 Nxe4 9. Bxe4 c5 10. Qe2 Qa5+ 11. c3 Be7 12. O-O-O cxd4 13. Rxd4 Bf6 14. Rb4
O-O 15. Kb1 Rd8 16. g4 Bd7 17. h4 Be7 18. Rd4 Bb5 19. Qc2 Rxd4 20. cxd4 Ba4 21.
b3 Bc6 22. Bxc6 bxc6 23. Qxc6 Rd8 24. Rc1 h5 25. Qe4 hxg4 26. Qxg4 Bf6 27. h5
Qa6 28. Rc4 Rc8 29. Nd2 Rxc4 30. Nxc4 Qc6 31. Kc2 Qd5 32. Kd3 Qh1 33. Nd2 Qa1
34. a4 Kh7 35. Qf4 Qg1 36. h6 Bg5 37. Qxf7 Bxh6 38. Qxe6 Qxf2 39. Qe2 Qg3+ 40.
Nf3 Bf4 41. Qe4+ Kh6 42. Kc4 g5 43. b4 g4 44. Qe6+ Kg7 45. Qe7+ Kg6 46. Nh4+
Kh5 47. Qh7+ Kg5 48. Qe7+ Kh5 49. Nf5 Qf2 50. Qh7+ Kg5 51. Ne7 Qa2+ 52. Kc5 Qe6
53. Qg7+ Kh5 54. Qh7+ Kg5 55. Qg7+ 1/2-1/2

[Event "Sigeman Chess 2019"]
[Site "Malmo SWE"]
[Date "2019.05.06"]
[Round "4"]
[White "Harikrishna, Pentala"]
[Black "Nihal, Sarin"]
[Result "1-0"]
[WhiteElo "2730"]
[BlackElo "2598"]
[PlyCount "91"]
[EventDate "2019.05.03"]

1. e4 c5 2. Nf3 Nc6 3. Nc3 e5 4. Bc4 Be7 5. d3 d6 6. Nd2 Nf6 7. Nf1 Nd7 8. Ne3
Nb6 9. Ncd5 O-O 10. O-O Nxd5 11. Nxd5 Be6 12. f4 exf4 13. Bxf4 Nb4 14. Nxe7+
Qxe7 15. c3 Nc6 16. Bb5 Rad8 17. d4 cxd4 18. cxd4 d5 19. e5 Rc8 20. Be3 f6 21.
exf6 Rxf6 22. Qd2 Rcf8 23. Rxf6 Qxf6 24. Rf1 Qg6 25. Rxf8+ Kxf8 26. Bd3 Qf7 27.
Qc2 h6 28. a3 Kg8 29. b4 a6 30. h3 Ne7 31. Qc7 Bf5 32. Bf1 Ng6 33. Qxf7+ Kxf7
34. b5 axb5 35. Bxb5 Ne7 36. g4 Be4 37. a4 Ke6 38. Bf4 Nc6 39. Bxc6 bxc6 40. a5
Bd3 41. Kf2 Kd7 42. Ke3 Bc2 43. Kd2 Ba4 44. a6 Kc8 45. h4 Bb5 46. Bxh6 1-0

[Event "Sigeman Chess 2019"]
[Site "Malmo SWE"]
[Date "2019.05.06"]
[Round "4"]
[White "Maghsoodloo, Parham"]
[Black "Grandelius, Nils"]
[Result "1/2-1/2"]
[WhiteElo "2671"]
[BlackElo "2688"]
[PlyCount "61"]
[EventDate "2019.05.03"]

1. e4 c5 2. Nf3 Nc6 3. Bb5 g6 4. Bxc6 dxc6 5. d3 Bg7 6. O-O Nf6 7. Nc3 Qc7 8.
Be3 b6 9. h3 e5 10. a3 O-O 11. b4 cxb4 12. axb4 Nh5 13. Na4 Be6 14. Ng5 Bd7 15.
c4 Nf4 16. Nc3 Rfd8 17. Ra3 Be8 18. Ne2 Qe7 19. Nxf4 exf4 20. Bxf4 Qxb4 21. Rb3
Qe7 22. Nf3 c5 23. Ra3 b5 24. cxb5 c4 25. Qc1 Rxd3 26. Rxd3 cxd3 27. Qc4 Qd7
28. Rb1 Rc8 29. Qb3 Rc3 30. Qb4 Rc2 31. b6 1/2-1/2

[Event "Sigeman Chess 2019"]
[Site "Malmo SWE"]
[Date "2019.05.06"]
[Round "4"]
[White "Hillarp Persson, Tiger"]
[Black "Nisipeanu, Liviu-Dieter"]
[Result "1/2-1/2"]
[WhiteElo "2563"]
[BlackElo "2667"]
[PlyCount "64"]
[EventDate "2019.05.03"]

1. Nf3 d5 2. g3 Nf6 3. Bg2 e6 4. O-O Be7 5. d3 c5 6. Nbd2 Nc6 7. e4 O-O 8. Re1
Qc7 9. c3 b6 10. Qe2 Bb7 11. e5 Nd7 12. Nf1 b5 13. Bf4 b4 14. c4 dxc4 15. dxc4
Rfd8 16. h4 Nd4 17. Nxd4 cxd4 18. Bxb7 Qxb7 19. Nd2 Nc5 20. b3 a5 21. Rad1 a4
22. Ne4 d3 23. Qg4 Nxe4 24. Bh6 Ng5 25. Bxg5 Bxg5 26. Qxg5 axb3 27. axb3 Qd7
28. Qd2 Qd4 29. Kg2 Qc3 30. Re3 Qxb3 31. Rxd3 Rxd3 32. Qxd3 Qxd3 1/2-1/2

[Event "Sigeman Chess 2019"]
[Site "Malmo SWE"]
[Date "2019.05.07"]
[Round "5"]
[White "Saric, Ivan"]
[Black "Harikrishna, Pentala"]
[Result "1/2-1/2"]
[WhiteElo "2694"]
[BlackElo "2730"]
[PlyCount "112"]
[EventDate "2019.05.03"]

1. e4 e5 2. Nf3 Nc6 3. Bb5 a6 4. Ba4 Nf6 5. O-O Be7 6. Re1 b5 7. Bb3 O-O 8. a4
b4 9. d4 d6 10. dxe5 Nxe5 11. Nbd2 Nxf3+ 12. Nxf3 Bb7 13. e5 dxe5 14. Nxe5 Qxd1
15. Rxd1 Bd6 16. Nc4 Bc5 17. Be3 Bxe3 18. Nxe3 Rad8 19. f3 Rfe8 20. Kf2 Kf8 21.
a5 Bc6 22. Bc4 Rxd1 23. Rxd1 Re5 24. Rd8+ Ke7 25. Rb8 Rxa5 26. Rxb4 Nd7 27. Be2
Nb6 28. Rh4 h6 29. b3 Ra2 30. Rh5 a5 31. Rc5 Kd6 32. Rc3 Bd7 33. Bc4 f6 34. g4
a4 35. bxa4 Rxa4 36. Bd3 c5 37. Bf5 c4 38. Bxd7 Kxd7 39. f4 Kc6 40. Nf5 Nd5 41.
Rf3 c3 42. Kg3 Ra2 43. Rf2 g6 44. Nxh6 Nb4 45. g5 f5 46. h4 Rxc2 47. Rxc2 Nxc2
48. Nxf5 gxf5 49. g6 Nd4 50. g7 c2 51. g8=Q c1=Q 52. Qe8+ Kb6 53. Qd8+ Kc5 54.
Qe7+ Kb6 55. Qd8+ Kc5 56. Qe7+ Kb6 1/2-1/2

[Event "Sigeman Chess 2019"]
[Site "Malmo SWE"]
[Date "2019.05.07"]
[Round "5"]
[White "Nihal, Sarin"]
[Black "Maghsoodloo, Parham"]
[Result "1-0"]
[WhiteElo "2598"]
[BlackElo "2671"]
[PlyCount "99"]
[EventDate "2019.05.03"]

1. e4 e5 2. Nf3 Nc6 3. Bc4 Bc5 4. c3 Nf6 5. d3 a6 6. O-O d6 7. Bb3 O-O 8. Bg5
h6 9. Bh4 Ba7 10. Na3 g5 11. Bg3 Kg7 12. Nc4 Ng8 13. Ne3 Nge7 14. d4 f6 15. Re1
Bd7 16. h3 h5 17. a4 Qc8 18. a5 Rh8 19. dxe5 dxe5 20. h4 g4 21. Nd2 Ng6 22.
Ndf1 Nce7 23. Qc2 Be6 24. Red1 Rb8 25. Rd2 Kf7 26. Rad1 Bxb3 27. Qxb3+ Qe6 28.
Qc2 Rbc8 29. Nf5 Rhe8 30. b3 Kg8 31. Rd6 cxd6 32. Rxd6 Rc6 33. Rxe6 Rxe6 34.
Qd2 Nf4 35. Bxf4 exf4 36. Qxf4 Nxf5 37. Qxf5 Rxe4 38. Qg6+ Kf8 39. Qxf6+ Kg8
40. Qg6+ Kf8 41. Qf6+ Kg8 42. Ng3 Re1+ 43. Kh2 Bb8 44. Qg6+ Kf8 45. Qxh5 R1e4
46. Qh8+ Kf7 47. Qh7+ Kf8 48. Qxb7 Rf4 49. Qb6 Kg7 50. Nh5+ 1-0

[Event "Sigeman Chess 2019"]
[Site "Malmo SWE"]
[Date "2019.05.07"]
[Round "5"]
[White "Grandelius, Nils"]
[Black "Hillarp Persson, Tiger"]
[Result "1-0"]
[WhiteElo "2688"]
[BlackElo "2563"]
[PlyCount "111"]
[EventDate "2019.05.03"]

1. e4 c5 2. Nf3 e6 3. d4 cxd4 4. Nxd4 a6 5. c4 Nf6 6. Nc3 Qc7 7. Be2 Bb4 8. Nc2
Be7 9. f4 d6 10. O-O Nbd7 11. Be3 b6 12. Rc1 O-O 13. Nd4 Bb7 14. Bf3 Nc5 15.
Qc2 Rac8 16. g4 h6 17. b4 Ncd7 18. g5 hxg5 19. fxg5 Ne8 20. Qg2 Ne5 21. Be2 Qd7
22. Rf4 f5 23. Rh4 Ng6 24. Rh5 b5 25. cxb5 e5 26. Nxf5 Rxf5 27. Bg4 axb5 28.
Qh3 Bxe4 29. Nxe4 Rxc1+ 30. Bxc1 Qc6 31. Nc3 Rf7 32. Be6 Nc7 33. Bxf7+ Kxf7 34.
Qf5+ Kg8 35. Rh3 Nf8 36. g6 Qe8 37. Rg3 d5 38. a3 Bh4 39. Rg4 Bf6 40. Bg5 Qe6
41. Qxe6+ Nfxe6 42. h4 Bxg5 43. hxg5 Nf4 44. Kf2 Kf8 45. a4 bxa4 46. b5 a3 47.
b6 Na6 48. b7 d4 49. Na2 Nd3+ 50. Ke2 Ndc5 51. Nb4 Nb8 52. Rh4 Ke7 53. Rh8 Ncd7
54. Rg8 e4 55. Rxg7+ Kd6 56. Rxd7+ 1-0

[Event "Sigeman Chess 2019"]
[Site "Malmo SWE"]
[Date "2019.05.07"]
[Round "5"]
[White "Nisipeanu, Liviu-Dieter"]
[Black "Jones, Gawain C B"]
[Result "1/2-1/2"]
[WhiteElo "2667"]
[BlackElo "2702"]
[PlyCount "88"]
[EventDate "2019.05.03"]

1. d4 Nf6 2. Nc3 d5 3. Bf4 g6 4. e3 Bg7 5. h4 h5 6. Qf3 c5 7. Qg3 Nc6 8. Bc7
Qd7 9. O-O-O cxd4 10. exd4 O-O 11. Nh3 Ng4 12. Bb5 a6 13. Bxc6 Qxc6 14. Rhe1 b5
15. Ba5 Re8 16. Nf4 Nf6 17. Re5 Ne4 18. Nxe4 Bxe5 19. dxe5 dxe4 20. e6 Bxe6 21.
Nxg6 Bg4 22. Ne5 Qh6+ 23. Kb1 Qg7 24. f3 Be6 25. Qf4 Rac8 26. Qxe4 Qh7 27. Qe2
Bf5 28. Nd3 e5 29. Nb4 Qg6 30. Qf2 e4 31. fxe4 Rxe4 32. Rd2 Qe6 33. b3 Re1+ 34.
Kb2 Qe5+ 35. Ka3 Qa1 36. c3 Qc1+ 37. Rb2 Be4 38. Qg3+ Kh7 39. Nd3 Re3 40. Qf4
Bxd3 41. Qxf7+ Kh8 42. Qf6+ Kh7 43. Qf7+ Kh8 44. Qf6+ Kh7 1/2-1/2

[Event "Sigeman Chess 2019"]
[Site "Malmo SWE"]
[Date "2019.05.08"]
[Round "6"]
[White "Harikrishna, Pentala"]
[Black "Nisipeanu, Liviu-Dieter"]
[Result "1/2-1/2"]
[WhiteElo "2730"]
[BlackElo "2667"]
[PlyCount "87"]
[EventDate "2019.05.03"]

1. e4 e6 2. d4 d5 3. Nc3 Nf6 4. e5 Nfd7 5. Nce2 c5 6. c3 Nc6 7. Nf3 a5 8. a4
cxd4 9. cxd4 Nb6 10. Nf4 Bd7 11. Be2 Bb4+ 12. Bd2 f6 13. Bxb4 axb4 14. Nd3 O-O
15. b3 Be8 16. Qd2 Bh5 17. Nxb4 Bxf3 18. Nxc6 bxc6 19. Bxf3 fxe5 20. dxe5 Nd7
21. O-O Nxe5 22. Be2 c5 23. b4 cxb4 24. Qxb4 Qf6 25. Bb5 Rab8 26. Qd2 Nc4 27.
Qe2 Nd6 28. Rac1 Nf5 29. h3 Nd4 30. Qd3 Rbc8 31. Qe3 Rb8 32. Rc5 Qf4 33. Rd1
Qxe3 34. fxe3 Nxb5 35. axb5 Rb7 36. Rb1 Kf7 37. e4 dxe4 38. Kf2 Ke7+ 39. Ke3
Rf5 40. Rxf5 exf5 41. g4 g6 42. gxf5 gxf5 43. b6 Kd6 44. Rb5 1/2-1/2